000 00666nam a2200241Ia 4500
003 OSt
005 20220928123941.0
006 a|||||r|||| 00| 0
007 ta
008 220927b |||||||| |||| 00| 0 eng d
024 _a44844
037 _cTextual
040 _aSDCL
_cSDCL
_beng
041 _2eng
_aeng
082 _aR141, L5
100 _aHintikka Jaakko
_9407117
245 0 _aIntentions of intentionality and other new models for modalities.
260 _aBoston
_bD Reidel Publishing
_c1975
300 _axv,262p.
_ccm.
490 _aSynthese library.
942 _hR141, L5
_cTEXL
_2CC
999 _c775490
_d775490